José Manuel Ballesteros : entrenador de atletismo : figura clave en el desarrollo del medio fondo español /
Saved in:
| Main Authors: | , |
|---|---|
| Format: | Electronisk eBog |
| Sprog: | spansk |
| Udgivet: |
Aranjuez (Madrid) :
Ediciones Doce Calles,
[2021]
|
| Fag: | |
| Online adgang: | Digitalia Hispánica |
| Tags: |
Tilføj Tag
Ingen Tags, Vær først til at tagge denne postø!
|
MARC
| LEADER | 00000nam a2200000Ii 4500 | ||
|---|---|---|---|
| 001 | DIGDOCEC0278 | ||
| 003 | NyNyDIG | ||
| 006 | m o d | ||
| 007 | cr ||||||||||| | ||
| 008 | 250404s2021 sp a o 000 0bspa d | ||
| 035 | |a (OCoLC)1513491988 | ||
| 040 | |a DGITA |b eng |e rda |e pn |c DGITA | ||
| 020 | |z 9788497443746 | ||
| 043 | |a e-sp--- | ||
| 050 | 1 | 4 | |a GV697.B253 ebook |
| 100 | 1 | |a García-Badell, Regino, |d 1949- |e author. | |
| 245 | 1 | 0 | |a José Manuel Ballesteros : |b entrenador de atletismo : figura clave en el desarrollo del medio fondo español / |c Regino García-Badell Arias, José María Morera Bosch. |
| 264 | 1 | |a Aranjuez (Madrid) : |b Ediciones Doce Calles, |c [2021] | |
| 300 | |a 1 online resource : |b illustrations (some color). | ||
| 336 | |a text |b txt |2 rdacontent | ||
| 337 | |a computer |b c |2 rdamedia | ||
| 338 | |a online resource |b cr |2 rdacarrier | ||
| 347 | |a text file |2 rdaft | ||
| 347 | |b PDF | ||
| 588 | 0 | |a Online resource; title from PDF title page (Digitalia, viewed April 4, 2025) | |
| 600 | 1 | 0 | |a Ballesteros, José Manuel, |d 1936- |
| 650 | 0 | |a Track and field coaches |z Spain |v Biography. | |
| 700 | 1 | |a Morera Bosch, José María, |d 1947- |e author. | |
| 791 | 2 | |a Digitalia (Firm), |e distributor. | |
| 793 | 0 | |g Digitalia eBook Collection: |a Ediciones Doce Calles | |
| 776 | 0 | 8 | |i Print version: |a García-Badell, Regino, 1949- |t José Manuel Ballesteros. |d Aranjuez (Madrid) : Ediciones Doce Calles, 2021 |z 9788497443746 |
| 856 | 4 | 0 | |3 Digitalia Hispánica |u https://digitalia.unach.elogim.com/a/171260/ |
| 910 | |a Premium collection: 2025 | ||